Leo and Gregory: (Record no. 6419)

MARC details
000 -LEADER
fixed length control field 00663nam a22002057a 4500
003 - CONTROL NUMBER IDENTIFIER
control field GBCCL
005 - DATE AND TIME OF LATEST TRANSACTION
control field 20241126110602.0
008 - FIXED-LENGTH DATA ELEMENTS--GENERAL INFORMATION
fixed length control field 180514b ||||| |||| 00| 0 eng d
020 ## - INTERNATIONAL STANDARD BOOK NUMBER
International Standard Book Number 0939697505
040 ## - CATALOGING SOURCE
Transcribing agency gbc
082 ## - DEWEY DECIMAL CLASSIFICATION NUMBER
Classification number 270
Item number GON
100 ## - MAIN ENTRY--PERSONAL NAME
Personal name Gonzalez, Catherine Gunsalus
Dates associated with a name 1934 -
9 (RLIN) 11497
245 ## - TITLE STATEMENT
Title Leo and Gregory:
Remainder of title Shapers of the Church /
Statement of responsibility, etc. Catherine Gunsalus Gonzalez
260 ## - PUBLICATION, DISTRIBUTION, ETC.
Place of publication, distribution, etc. Nashville:
Name of publisher, distributor, etc. Graded Press,
Date of publication, distribution, etc. 1988
300 ## - PHYSICAL DESCRIPTION
Extent 63 p.;
Other physical details port.,
Dimensions 21 cm.
650 ## - SUBJECT ADDED ENTRY--TOPICAL TERM
Topical term or geographic name entry element Leo - I, Pope
Chronological subdivision 461
9 (RLIN) 11498
650 ## - SUBJECT ADDED ENTRY--TOPICAL TERM
Topical term or geographic name entry element Gregory - I, Pope
Chronological subdivision Appox. 540 - 604
9 (RLIN) 11499
650 ## - SUBJECT ADDED ENTRY--TOPICAL TERM
Topical term or geographic name entry element Church history
General subdivision Primitive and early Church, ca.30 - 600
9 (RLIN) 8002
942 ## - ADDED ENTRY ELEMENTS (KOHA)
Source of classification or shelving scheme Dewey Decimal Classification
Koha item type Books
Holdings
Withdrawn status Lost status Source of classification or shelving scheme Damaged status Not for loan Home library Current Library Shelving location Date acquired Total checkouts Full call number Barcode Date last seen Copy number Price effective from Koha item type
    Dewey Decimal Classification     GRACE BIBLE COLLEGE GRACE BIBLE COLLEGE Church History 2018-05-14   270 GON 009696 2025-05-01 c.1 2018-05-14 Books
    Dewey Decimal Classification     GRACE BIBLE COLLEGE GRACE BIBLE COLLEGE Church History 2018-05-14   270 GON 009697 2025-05-01 c.2 2018-05-14 Books
© Grace Bible College Library 2025